000 00983nam a22003370a 4500
001 PT19928
003 AR-LpoUNG
005 20210131232907.0
008 191001s1987||||ag |||||||||||||||||spa d
020 _a9503702585
_c$6.66
040 _aAR-LpoUNG
_bspa
_cAR-LpoUNG
_eaacr
041 _aspa
044 _aag
082 0 _a982.066 652her
100 1 _aLeuco, Alfredo
245 1 4 _aLos herederos de Alfonsín
260 _aBuenos Aires :
_bSudamericana - Planeta,
_c1987.
300 _a281 p. :
_bil.
520 _aInvestigación peridística en torno a la trayectoria, gravitación y destino de la Junta Coordinadora Nacional de la Unión Cívica Radical.
650 4 _aARGENTINA
650 4 _aASPECTOS POLITICOS
650 4 _aHISTORIA POLITICA
650 4 _aPARTIDOS POLITICOS
650 4 _aPODER POLITICO
651 4 _aArgentina
653 _aMAES
653 _aUNION CIVICA RADICAL
700 1 _aDíaz, José Antonio
905 _a19928
942 _cLIB
999 _c18042
_d18042